| Tag |
First Indicator |
Second Indicator |
Subfields |
| LEADER |
00000cam a2200000 4500 |
| 001 |
in00000094756 |
| 005 |
20150927110537.0 |
| 008 |
700725s1955 enka b 00110 eng |
| 010 |
|
|
|a 55013800
|
| 035 |
|
|
|a (OCoLC)00403552
|
| 035 |
|
|
|9 AAL6629AM
|
| 040 |
|
|
|a DLC
|c DLC
|d TXA
|d UtOrBLW
|
| 049 |
|
|
|a TXAM
|c [269903]
|
| 050 |
0 |
0 |
|a TR15
|b .G37
|
| 082 |
0 |
|
|a 770.9
|
| 100 |
1 |
|
|a Gernsheim, Helmut,
|d 1913-1995.
|
| 245 |
1 |
4 |
|a The history of photography from the earliest use of the camera obscura in the eleventh century up to 1914 /
|c by Helmut Gernsheim in collaboration with Alison Gernsheim.
|
| 264 |
|
1 |
|a London :
|b Oxford University Press,
|c 1955.
|
| 300 |
|
|
|a xxviii, 395 pages :
|b illustrations ;
|c 28 cm.
|
| 336 |
|
|
|a text
|b txt
|2 rdacontent
|
| 337 |
|
|
|a unmediated
|b n
|2 rdamedia
|
| 338 |
|
|
|a volume
|b nc
|2 rdacarrier
|
| 500 |
|
|
|a Second edition published in 1969 under title: The history of photography from the camera obscura to the beginning of the modern era.
|
| 504 |
|
|
|a Bibliography: pages [375]-376. Bibliographical footnotes.
|
| 650 |
|
0 |
|a Photography
|x History.
|
| 700 |
1 |
|
|a Gernsheim, Alison.
|
| 944 |
|
|
|a stk
|h REPL<155292>REP-SAME<>REF<crsmith>
|m Replacement on order
|
| 999 |
|
|
|a MARS
|
| 999 |
f |
f |
|s 498c2e9a-2732-3a27-90d1-35a241c22c06
|i 83a199dd-d3f9-319f-aba4-f7fd5fd3f0c3
|t 0
|
| 952 |
f |
f |
|p ric
|a Texas A&M University
|b Rellis Campus
|c Joint Library Facility
|d Remote Storage
|t 0
|e TR15 .G37
|h Library of Congress classification
|i unmediated -- volume
|m A14834691351
|
| 998 |
f |
f |
|a TR15 .G37
|t 0
|l Remote Storage
|